Ärmste Bevölkerungen - Europa - Statistiken

Allgemein
  • Dieses Quiz wurde 143 mal gespielt
  • Das Durchschnittsergebnis liegt bei 11 aus 15
Antwortstatistiken
Hint Antwort % Korrekt
20.018 Albanien
95%
20.043 Bosnien und Herzegowina
94%
36.861 Bulgarien
93%
15.864 Kosovo
92%
17.320 Moldawien
92%
27.183 Serbien
92%
18.270 Ukraine
92%
25.718 Nordmazedonien
90%
40.048 Griechenland
88%
30.115 Belarus
81%
41.938 Lettland
76%
38.391 Türkei
59%
21.532 Armenien
37%
24.849 Georgien
36%
23.660 Aserbaidschan
32%
Keine übereinstimmenden Quizze gefunden
Verteilung der Resultate
Anzahl Personen mit jedem Resultat
Perzentil nach korrekt beantworteten Fragen
Ihre Resultats-Entwicklung
Sie haben dieses Quiz noch nicht gespielt